The recollections of William Finaughty, elephant hunter, (Record no. 120195)
[ view plain ]
| 000 -LEADER | |
|---|---|
| fixed length control field | 00854cam a2200265M 4500 |
| 001 - CONTROL NUMBER | |
| control field | 2684855 |
| 003 - CONTROL NUMBER IDENTIFIER | |
| control field | ARRUPE |
| 005 - DATE AND TIME OF LATEST TRANSACTION | |
| control field | 20140312143935.0 |
| 008 - FIXED-LENGTH DATA ELEMENTS--GENERAL INFORMATION | |
| fixed length control field | 880628s1957 sa a 000 0deng d |
| 035 ## - SYSTEM CONTROL NUMBER | |
| System control number | (OCoLC)ocm25947963 |
| 035 ## - SYSTEM CONTROL NUMBER | |
| System control number | (NNC)2684855 |
| 040 ## - CATALOGING SOURCE | |
| Original cataloging agency | INU |
| Transcribing agency | INU |
| Modifying agency | OCL |
| -- | ZCU |
| 043 ## - GEOGRAPHIC AREA CODE | |
| Geographic area code | f-rh--- |
| 099 ## - LOCAL FREE-TEXT CALL NUMBER (OCLC) | |
| Classification number | 968.9 |
| -- | F491 |
| 300 ## - PHYSICAL DESCRIPTION | |
| Other physical details | illus. |
| Dimensions | 23 cm. |
| 100 1# - MAIN ENTRY--PERSONAL NAME | |
| Personal name | Finaughty, William. |
| 9 (RLIN) | 9061 |
| 245 14 - TITLE STATEMENT | |
| Title | The recollections of William Finaughty, elephant hunter, |
| Remainder of title | 1864-1975. |
| Statement of responsibility, etc | Edited with an introd. by Edward C. Tabler. |
| 250 ## - EDITION STATEMENT | |
| Edition statement | [2nd ed.] |
| 260 ## - PUBLICATION, DISTRIBUTION, ETC. (IMPRINT) | |
| Place of publication, distribution, etc | Cape Town, |
| Name of publisher, distributor, etc | A. A. Balkema, |
| Date of publication, distribution, etc | 1957. |
| 300 ## - PHYSICAL DESCRIPTION | |
| Extent | xi, 127 p. |
| 600 ## - SUBJECT ADDED ENTRY--PERSONAL NAME | |
| Source of heading or term | Finaughty, William |
| General subdivision | Elephant Hunting |
| Geographic subdivision | Africa, Southern |
| 9 (RLIN) | 9062 |
| 650 #0 - SUBJECT ADDED ENTRY--TOPICAL TERM | |
| Topical term or geographic name as entry element | Hunting |
| Geographic subdivision | Zimbabwe |
| -- | Matabeleland. |
| 9 (RLIN) | 9063 |
| 700 1# - ADDED ENTRY--PERSONAL NAME | |
| Personal name | Tabler, Edward C., |
| Relator term | editor. |
| 9 (RLIN) | 9064 |
| 942 ## - ADDED ENTRY ELEMENTS (KOHA) | |
| Source of classification or shelving scheme | Library of Congress Classification |
| Koha item type | REFERENCE |
| Withdrawn status | Lost status | Source of classification or shelving scheme | Damaged status | Not for loan | Collection code | Home library | Current library | Shelving location | Date acquired | Total Checkouts | Full call number | Barcode | Date last seen | Price effective from | Koha item type |
|---|---|---|---|---|---|---|---|---|---|---|---|---|---|---|---|
| Library of Congress Classification | SPECIAL Collection | ARRUPE LIBRARY | ARRUPE LIBRARY | Main Collection | 12/03/2014 | SPC SK17.F56 A3 | 46500001960 | 05/07/2018 | 12/03/2014 | REFERENCE |